|
|
|
|
| LEADER |
00000nas1a2200000 4500 |
| 001 |
380031 |
| 005 |
20231101062637.0 |
| 011 |
|
|
|a 0205-4639
|
| 035 |
|
|
|a (RuTPU)RU\TPU\prd\608
|
| 035 |
|
|
|a BOOK00000608
|
| 090 |
|
|
|a 380031
|
| 100 |
|
|
|a 20011210a19729999k y0rusy50 ca
|
| 101 |
0 |
|
|a rus
|
| 102 |
|
|
|a RU
|
| 110 |
|
|
|a agaz|||0uu0
|
| 200 |
1 |
|
|a Вопросы атомной науки и техники. Серия : Атомное материаловедение
|e научно-технический сборник
|f СССР, Государственный комитет по использованию атомной энергии (ГКИАЭ)
|
| 210 |
|
|
|a Москва
|d 1978-1989
|
| 305 |
|
|
|a Издается с 1972 г.
|
| 440 |
|
1 |
|0 (RuTPU)RU\TPU\prd\615
|x 0321-222Х
|t Вопросы атомной науки и техники. Серия: Материаловедение и новые материалы
|o научно-технический сборник
|f Российская Федерация, Министерство по атомной энергии
|c Москва
|d 1989-1990, 1992-1993
|
| 610 |
1 |
|
|a материаловедение
|
| 610 |
1 |
|
|a атомное материаловедение
|
| 610 |
1 |
|
|a реакторное материаловедение
|
| 610 |
1 |
|
|a реакторные материалы
|
| 610 |
1 |
|
|a реакторные технологии
|
| 675 |
|
|
|a 621.039
|v 3
|
| 712 |
0 |
1 |
|a СССР
|b Государственный комитет по использованию атомной энергии (ГКИАЭ)
|2 stltpush
|3 (RuTPU)RU\TPU\col\16930
|
| 801 |
|
0 |
|a RU
|b 63413507
|c 20011210
|g PSBO
|
| 801 |
|
2 |
|a RU
|b 63413507
|c 20130911
|g PSBO
|
| 942 |
|
|
|c CR
|